[Event "Brno op-B"]
[Site "Brno"]
[Date "2007.07.05"]
[Round "5"]
[White "Zerdaloglu, Stratos"]
[Black "Porc, Pavel"]
[Result "1-0"]
[WhiteElo "1553"]
[BlackElo "1572"]
[PlyCount "65"]
[EventDate "2007.07.01"]
[EventType "swiss"]
[EventRounds "9"]
[EventCountry "CZE"]
[SourceTitle "CBM 119 Extra"]
[Source "ChessBase"]
[SourceDate "2007.09.04"]
[SourceVersion "1"]
[SourceVersionDate "2007.09.04"]
[SourceQuality "1"]

1. e4 c5 2. Nf3 Nc6 3. c3 d6 4. d4 cxd4 5. cxd4 a6 6. d5 Na7 7. h3 g6 8. Nc3 Bg7 9. Be2 Nf6 10. 0-0 0-0 11. Bd3 Nd7 12. Be3 Ne5 13. Nxe5 Bxe5 14. Be2 f5 15. Bd4 fxe4 16. Bxe5 dxe5 17. Nxe4 Bf5 18. Ng3 Nc8 19. Bc4 Nd6 20. Bb3 Rc8 21. Re1 e4 22. Qd4 e3 23. Rxe3 Bc2 24. Bxc2 Rxc2 25. f3 Qc7 26. Rc3 Rxc3 27. Qxc3 Qb8 28. Ne4 Qa7+ 29. Kh1 Rc8 30. Qe5 Nf5 31. Qe6+ Kg7 32. Qxc8 Qe3 33. Qc3+ 1-0

[Event "Brno op-B"]
[Site "Brno"]
[Date "2007.07.03"]
[Round "3"]
[White "Keda, Michal"]
[Black "Zerdaloglu, Stratos"]
[Result "1-0"]
[WhiteElo "1422"]
[BlackElo "1553"]
[PlyCount "48"]
[EventDate "2007.07.01"]
[EventType "swiss"]
[EventRounds "9"]
[EventCountry "CZE"]
[SourceTitle "CBM 119 Extra"]
[Source "ChessBase"]
[SourceDate "2007.09.04"]
[SourceVersion "1"]
[SourceVersionDate "2007.09.04"]
[SourceQuality "1"]

1. e4 e5 2. Nf3 Nc6 3. Bb5 d6 4. d4 exd4 5. Nxd4 Bd7 6. 0-0 Nxd4 7. Bxd7+ Qxd7 8. Qxd4 Ne7 9. Nc3 Nc6 10. Qe3 Ne5 11. Rd1 g6 12. f4 Bh6 13. Qd4 c5 14. Qxd6 Qxd6 15. Rxd6 Nc6 16. Be3 Bf8 17. Rd2 b6 18. f5 Bg7 19. Nd5 0-0 20. c3 Rad8 21. Bf4 Rfe8 22. Re1 gxf5 23. Red1 Bf8 24. Nf6+ Kg7 1-0